000 00315nam a22001337a 4500
008 180129b xxu||||| |||| 00| 0 eng d
020 _a0312046960
041 _aeng
080 _a37
100 _a46
101 _aedu
245 _aeducation today the foundations of profession
_cjanis.f
942 _2udc
_cBK
999 _c41167
_d41167